| 000 | 005530000a22001930004500 | ||
|---|---|---|---|
| 003 | LK-CoMWRAF | ||
| 005 | 20230905232158.0 | ||
| 008 | 230817t1991 ||||| |||| 00| 0 eng d | ||
| 040 |
_aLK-CoMWRAF _dLK-CoMWRAF _eLK-CoMWRAF |
||
| 041 | _aeng | ||
| 082 |
_a920 _bRET |
||
| 245 |
_aReturn to tighteousness : _bCollection of speseches essays and letters of the Anagarika Dharmapala |
||
| 260 |
_aColombo : _bMtry Cultural Affairs, _c1991 |
||
| 300 | _a875p | ||
| 500 | _aiIndex | ||
| 650 | _aAutobiographies | ||
| 650 | _aSri Lanka-History | ||
| 942 | _cBK | ||
| 999 |
_c2518 _d2518 |
||